MARC

LEADER 00000nam0a2200000 4500
001 293037
005 20231102000545.0
035 |a (RuTPU)RU\TPU\book\317868 
090 |a 293037 
100 |a 20150428d1983 k y0rusy5003 ca 
101 0 |a rus 
102 |a UZ 
105 |a a z 001zy 
200 1 |a Микротвердость хрупких оптических материалов  |e [монография]  |f С. Н. Державин [и др.]  |g Ташкентский государственный медицинский институт (ТашГосМИ, ТашМИ) ; под ред. П. К. Хабибуллаева 
210 |a Ташкент  |c Фан  |d 1983 
215 |a 160 с.  |c ил.  |d 20 см 
320 |a Библиогр.: с. 149-156 
606 1 |a Оптические волокна  |2 stltpush  |3 (RuTPU)RU\TPU\subj\72214  |9 85784 
610 1 |a оптические материалы 
610 1 |a твердость 
610 1 |a измерение 
610 1 |a испытания 
610 1 |a методика 
610 1 |a погрешности 
610 1 |a изотропные материалы 
610 1 |a микротвердость 
610 1 |a анизотропные материалы 
610 1 |a инденторы 
610 1 |a внедрение 
610 1 |a глубина 
610 1 |a монографии 
675 |a 666.22  |z rus  |v 4 
701 1 |a Державин  |b С. Н.  |4 070 
701 1 |a Иванов  |b А. В.  |4 070 
701 1 |a Касымова  |b С. С.  |4 070 
701 1 |a Милюков  |b Е. М.  |4 070 
702 1 |a Хабибуллаев  |b П. К.  |4 340 
712 0 2 |a Ташкентский государственный медицинский институт (ТашГосМИ, ТашМИ)  |c (Узбекистан)  |2 stltpush  |3 (RuTPU)RU\TPU\col\22175 
801 0 |a RU  |b RuMRKP  |c 19950704  |g psbo 
801 1 |a RU  |b 63413507  |c 20150428 
801 2 |a RU  |b 63413507  |c 20190116  |g RCR 
942 |c BK